000 00333nam a22001457a 4500
020 _qPB.
040 _cFIZZA ISHAQ
082 _a551.41
_bRIC
100 _aJHON, RICHARD.
_985772
245 _aFUNDAMENTAL OF GEOMORPHP
_cRICHARD JHON.
250 _a4th ED.
260 _aNEW YORK :
_c2017.
300 _a543 P.;
942 _2ddc
_cBK
999 _c587110
_d587110